| 000 | 00000nam##2200000za#4500 |
| 001 | 9.648292 |
| 003 | CaOODSP |
| 005 | 20200330135724 |
| 007 | ta |
| 008 | 150407|2001||||xxc||||| f|0| 0 eng|d |
| 020 | |a0-662-30970-7 |
| 040 | |aCaOODSP|beng |
| 043 | |an-cn--- |
| 086 | 1 |aM37-50/2006E |
| 110 | 1 |aCanada.|bNatural Resources Canada. |bMinerals and Metals Sector. |
| 245 | 10|aFocus 2006: a strategic vision for 2001-2006 |
| 260 | |aOttawa - Ontario : |bNatural Resources Canada. |c2001. |
| 300 | |a28p. : |billus. ; |c28 cm. |
| 563 | |aSoftcover |
| 590 | |a01-51|b2001-12-28 |
| 690 | 07|aMinerals|2gcpds |
| 690 | 07|aMetals|2gcpds |
| 690 | 07|aIndustrial policy|2gcpds |
| 775 | 08|tHorizon 2006: une vision stratégique pour 2001-2006 |w(CaOODSP)9.681594 |
| 776 | 0#|tFocus 2006 - a strategic vision for 2001-2006 |w(CaOODSP)9.698044 |